GPS survey technology - why doesn't every surveyor own a kit? (Record no. 63535)

MARC details
000 -LEADER
fixed length control field 00643cam a2200205 4500
001 - CONTROL NUMBER
control field ABS62327
008 - FIXED-LENGTH DATA ELEMENTS--GENERAL INFORMATION
fixed length control field 000000n2000 000 0 eng u
035 ## - SYSTEM CONTROL NUMBER
System control number (Sirsi) u106066
100 ## - MAIN ENTRY--PERSONAL NAME
Personal name Rizos, C.
245 ## - TITLE STATEMENT
Title GPS survey technology - why doesn't every surveyor own a kit?
260 ## - PUBLICATION, DISTRIBUTION, ETC.
Date of publication, distribution, etc. 2000
490 ## - SERIES STATEMENT
Series statement Surveying World
Volume/sequential designation 8)4) May/June 2000, 26-27(2)
520 ## - SUMMARY, ETC.
Summary, etc. Considers whether surveyors are ready to grasp the opportunities offered by GPS reference station networks linked to the internet.
590 ## - LOCAL NOTE (RLIN)
Local note ABS
650 ## - SUBJECT ADDED ENTRY--TOPICAL TERM
Topical term or geographic name entry element GPS
650 ## - SUBJECT ADDED ENTRY--TOPICAL TERM
Topical term or geographic name entry element REFERENCE STATIONS
650 ## - SUBJECT ADDED ENTRY--TOPICAL TERM
Topical term or geographic name entry element INTERNET
690 ## - LOCAL SUBJECT ADDED ENTRY--TOPICAL TERM (OCLC, RLIN)
Topical term or geographic name as entry element GEOMATICS-GPS
942 ## - ADDED ENTRY ELEMENTS (KOHA)
Suppress in OPAC 0
Holdings
Withdrawn status Lost status Source of classification or shelving scheme Damaged status Not for loan Home library Current library Shelving location Date acquired Total Checkouts Full call number Barcode Date last seen Copy number Price effective from Koha item type
    Dewey Decimal Classification     London London Journal article 22/05/2000   ABS62327 106066-1001 06/08/2019 1 06/08/2019 Journal article